The 5000 words of the Ladder Series /

Salvato in:
Dettagli Bibliografici
Autore principale: Inculding
Natura: Libro
Lingua:Vietnamese
Pubblicazione: American : Ladder Edition , 1975
Soggetti:
Tags: Aggiungi Tag
Nessun Tag, puoi essere il primo ad aggiungerne! !
Thư viện lưu trữ: Thư viện Trường CĐ Kỹ Thuật Cao Thắng
LEADER 00550nam a2200181 a 4500
001 TVCDKTCT3374
003 Thư viện trường Cao đẳng Kỹ thuật Cao Thắng
005 20050923000000
008 050923
980 \ \ |a Thư viện Trường CĐ Kỹ Thuật Cao Thắng 
024 |a RG_1 #1 eb0 i1 
041 0 # |a vie 
082 # # |a 420 /   |b INCL500-t 
100 1 # |a Inculding 
245 0 0 |a The 5000 words of the Ladder Series /  |c Inculding 
260 # # |a American :  |b Ladder Edition ,  |c 1975 
300 # # |a 24tr. ;  |c 19cm 
650 # 4 |a Sách tra cứu